00000000nam##2200000za#4500
0019.675655
003CaOODSP
00520210624225353
007cr |||||||||||
008150407|1996||||xxc|||||o    f|0| 0 eng|d
040 |aCaOODSP|beng
041 |aeng
041 |afre
043 |an-cn---
0861 |aEn106-35/1996-PDF
1101 |aCanada. |bCanadian Environmental Assessment Agency.
24510|aBibliography on strategic environmental assessment / |h[electronic resource]|cPrepared by Maria do Rosario Partidario.
260 |aHull - Quebec : |bCanadian Environmental Assessment Agency |cApril, 1996.
300 |a32p.
500 |aThe catalogue number (En106-351/1996) and ISBN (O-662-62476-9) for the bilingual print edition have been incorrectly copied in this electronic publication.
504 |aBibliography.
5203 |aThis report contains the results of a systematic effort to identify and collect key bibliographic references on the application of environmental assessment to policies, programs and plans, referred to as strategic environmental assessment (SEA). A bibliography was compiled from an inventory of references and documents obtained from a variety of sources. The bibliography is organized under theory and concepts, processes, and case applications.--Introduction
590 |a12-16-Supp|b2012-04-17
69007|aEnvironmental impact assessment|2gcpds
792 |tBibliographie sur l'évaluation environnementale stratégique / |efre|w(CaOODSP)9.675656
85640|ahttp://publications.gc.ca|qPDF|s549 KB|uhttps://publications.gc.ca/collections/Collection/En106-35-1996.pdf